000 00396cam a2200169 4500
001 D12983
008 090401t1887 xxu||||| |||| 00| 0 eng d
035 _a(Sirsi) u7001
041 _aeng
100 _aHolloway, Thomas
245 _aLevelling, and its general application
260 _aLondon
_bE & FN Spon
_c1887
350 _a0
520 _aShelf 117
942 _n0
948 _c04/03/1997
999 _c86377
_d86377